| 000 | 01995nam0a2200337 4500 | ||
|---|---|---|---|
| 001 | RU\NLR\BIBL_A\011745938 | ||
| 005 | 20220829091451.0 | ||
| 010 |
_a978-5-09-059-239-0 _d1500 экз. |
||
| 021 |
_aRU _bКН-П-18-040634 _9КН-П-18-2928 |
||
| 035 | _a(NLR Aleph) 011745938 | ||
| 035 | _a(RuMoRGB)009651120 | ||
| 090 |
_a11602676 _c11602676 |
||
| 100 | _a20180709d2018 u y0rusy50 ca | ||
| 101 | 0 | _arus | |
| 102 | _aRU | ||
| 105 | _a||||zzzz0|||y | ||
| 200 | 1 |
_aБиология. 5-9 классы _eрабочие программы : предметная линия учебников "Линия жизни": учебное пособие для общеобразовательных организаций _f[В. В. Пасечник, С. В. Суматохин, Г. С. Калинова и др.] |
|
| 210 |
_aМосква _cПросвещение _d2018 |
||
| 215 |
_a128 с. _d22 |
||
| 225 | 2 | _aФГОС | |
| 225 | 2 | _aРабочие программы | |
| 300 | _aАвт. указаны на обороте тит. л. | ||
| 606 |
_aКультура. Наука. Просвещение -- Народное образование. Педагогические науки -- Общеобразовательная школа. Школьная педагогика -- Российская Федерация -- Методика преподавания отдельных учебных предметов -- Биология -- Дидактика -- Содержание образования -- Учебные планы и программы _2rubbk |
||
| 686 |
_aЧ426.45,6(2)-211,0 _2rubbk |
||
| 701 | 1 |
_aПасечник _bВ. В. _gВладимир Васильевич |
|
| 701 | 1 |
_aСуматохин _bС. В. _gСергей Витальевич |
|
| 701 | 1 |
_4070 _7ca _8rus _aКалинова _bГ. С. _gГалина Серафимовна _9112646 _3RU\NLR\auth\772636 |
|
| 942 | _cBOOK | ||
| 980 | _aNBR | ||
| 980 | _aNB | ||